Formula One Chain #1 - Statistics

General Stats
  • This quiz has been taken 73 times
  • The average score is 19 of 42
Answer Stats
Hint Answer % Correct
Last name of the current World Drivers Champion Verstappen
100%
This German circuit ranks 6th in all-time GPs hosted, with 41 Nürburgring
88%
French driver for Alpine in 2023 Ocon
88%
First name of the 1992 World Drivers Champion Nigel
86%
Italian word literally meaning "stable", found preceding proper names of many Italian teams such as Ferrari or Toro Rosso Scuderia
70%
Last name of this German driver who retired after winning his sole championship in 2016 Rosberg
66%
Last name of this German driver considered by many to be the best F1 has ever seen Schumacher
66%
This country has produced the most F1 drivers, with 162 United Kingdom
64%
The first Formula One Australian GP was held here Adelaide
62%
Last name of this often derided Canadian Williams driver Latifi
62%
Last name of this Finnish driver who stood in for Schumacher in 1999 Salo
62%
Family name of China's first and only F1 driver Zhou
62%
First name of Italy's most successful driver by championship total Alberto
54%
Site of one of Formula One's most embarrassing moments in 2005 Indianapolis
52%
Four separate teams have carried the name of this historic British marque Lotus
50%
Only country on the Scandinavian Peninsula not to have produced an F1 driver Norway
50%
This country hosted 5 GPs before it banned racing following a disaster at Le Mans Switzerland
50%
The three-letter marking one would receive next to their name for failing to complete a race DNF
48%
"Is that... ____!?" Glock
48%
Last name of this former driver and chief executive of the Formula One Group Ecclestone
46%
This circuit hosted the Portuguese GP from 1984 to 1996 Estoril
44%
Despite producing 23 F1 drivers, making it 10th on that list, no one from this country has raced in F1 since 1980 South Africa
44%
Last name of the last Indian driver in F1 Karthikeyan
42%
This country, despite only producing 9 F1 drivers, saw 3 of them become World Champions, giving them the highest champion-to-driver ratio Finland
38%
Last name of South Africa's only F1 World Champion Scheckter
38%
This American city played host to 7 GPs between 1982 and 1988 Detroit
34%
One of the 9 countries to have produced only one F1 driver to date, homeland of Rio Haryanto Indonesia
34%
First name of the only Canadian to win the Canadian GP Gilles
32%
This Italian team started 340 races and never got a podium to show for it, giving them the unenviable record in that category Minardi
32%
Famous chicane forming Spa's final two corners Bus Stop
30%
First name of this Austrian driver who earned 10 wins between 1984 and 1997 Gerhard
30%
This country ranks 15th in all-time GPs hosted, with 33 Netherlands
30%
Last name of the first Russian driver to enter F1 Petrov
28%
This circuit hosted 5 French GPs, as well as the Swiss GP in 1982 Dijon-Prenois
26%
Last name of Malaysia's only F1 driver Yoong
26%
Original name of the Red Bull Ring Österreichring
24%
The first corner at Imola prior to 1994, with a fearsome reputation for high-speed accidents including the one which claimed Ayrton Senna's life Tamburello
24%
Last name of this New Zealander, considered one of the best F1 drivers never to win a race Amon
22%
When F1 raced here in the mid 90s, this circuit was called TI Circuit Aida. Today it bears the name of its prefecture. Okayama
20%
Initials of the last Brazilian driver to win an F1 race RB
20%
This British team started 383 races and never got a win to show for it, giving them the unenviable record in that category Arrows
16%
Last name of these brothers whose name is seen in Argentina's only F1 circuit Gálvez
14%
No matching quizzes found
Score Distribution
Percent of People with Each Score
Percentile by Number Answered
Your Score History
You have not taken this quiz